Akta Distres 1951 (Akta 255) & Distress Act 1951 (Act 255) : (Hingga 5hb Mei 2012)

Bibliographic Details
Corporate Authors: Malaysia, International Law Book Services
Format: Book
Language:Malay
Published: Petaling Jaya : ILBS , 2012
Subjects:

MARC

LEADER 00000cam a2200000 7i4500
001 0000025451
005 20140609.0
008 090614s my # may
020 |a 9789678922852 ,   |c RM9.00 
040 |a INS 
090 0 0 |a KPG689.A311951   |b M4 2013 
110 1 |a Malaysia 
240 0 0 |a [Akta Distres 1951 (Akta 255)] 
245 1 0 |a Akta Distres 1951 (Akta 255) & Distress Act 1951 (Act 255) :   |b (Hingga 5hb Mei 2012)   |c disusun oleh Lembaga Penyelidikan Undang-Undang 
260 |a Petaling Jaya :   |b ILBS ,   |c 2012 
300 |a 34 p. ;   |c 24 m. 
650 0 0 |a Distress (Law)   |z Malaysia 
650 0 0 |a Landlord and tenant   |z Malaysia 
710 1 |a International Law Book Services ,   |c Lembaga Penyelidikan Undang-Undang 
740 0 |a Undang-Undang Malaysia 
999 |a 1000001720   |b BOOK   |c Open Shelf   |e Default branch